| 000 | 00775nam a2200277Ia 4500 | ||
|---|---|---|---|
| 003 | OSt | ||
| 005 | 20260316165721.0 | ||
| 008 | 008 250409s9999 xx 000 0 eng d | ||
| 020 | _a9789351452256 | ||
| 037 | _aTextbook | ||
| 040 |
_aLCT _beng _cLCT |
||
| 041 |
_aeng _2eng |
||
| 084 |
_aZ2,7,11 M3;R1 _qLCT |
||
| 100 |
_aTakwani, CK _9752094 |
||
| 245 | 0 |
_aCivil Procedure with Limitation Act,1963 _cby CK Takwani |
|
| 250 | _a9th ed. | ||
| 260 |
_aNew Delhi _bEastern Book Company _c2022 |
||
| 300 | _aclviii , 889p. | ||
| 365 |
_aINR _b995 |
||
| 650 | _aLaw | ||
| 650 |
_aCivil procedure _9681550 |
||
| 650 |
_aCourt rules _9735020 |
||
| 650 |
_aCivil Court _9701738 |
||
| 942 |
_cTB _hZ2,7,11 M3;R1 _2CC _n0 |
||
| 999 |
_c1308781 _d1308781 |
||